<?xml version="1.0" encoding="UTF-8"?>
<record
    xmlns:xsi="http://www.w3.org/2001/XMLSchema-instance"
    xsi:schemaLocation="http://www.loc.gov/MARC21/slim http://www.loc.gov/standards/marcxml/schema/MARC21slim.xsd"
    xmlns="http://www.loc.gov/MARC21/slim">

  <leader>02837    a2200289   4500</leader>
  <controlfield tag="003">OSt</controlfield>
  <controlfield tag="005">20180116192406.0</controlfield>
  <controlfield tag="008">120703t        xxu||||| |||| 00| 0 eng d</controlfield>
  <datafield tag="010" ind1=" " ind2=" ">
    <subfield code="a">  2001030604</subfield>
  </datafield>
  <datafield tag="020" ind1=" " ind2=" ">
    <subfield code="a">0262041952 (hc. : alk. paper)</subfield>
  </datafield>
  <datafield tag="040" ind1=" " ind2=" ">
    <subfield code="c">0</subfield>
  </datafield>
  <datafield tag="082" ind1="0" ind2="0">
    <subfield code="a">720</subfield>
  </datafield>
  <datafield tag="245" ind1="0" ind2="0">
    <subfield code="a">Body and building :</subfield>
    <subfield code="b">essays on the changing relation of body and architecture /</subfield>
    <subfield code="c">edited by George Dodds and Robert Tavernor.</subfield>
  </datafield>
  <datafield tag="260" ind1=" " ind2=" ">
    <subfield code="a">Cambridge, Mass. :</subfield>
    <subfield code="b">MIT Press,</subfield>
    <subfield code="c">c2002.</subfield>
  </datafield>
  <datafield tag="300" ind1=" " ind2=" ">
    <subfield code="a">427 p. :</subfield>
    <subfield code="b">ill. ;</subfield>
    <subfield code="c">24 cm.</subfield>
  </datafield>
  <datafield tag="500" ind1=" " ind2=" ">
    <subfield code="a">Written for a symposium held at the University of Pennsylvania in March 1996 in honor of Jospeh Rykwert.</subfield>
  </datafield>
  <datafield tag="505" ind1="8" ind2=" ">
    <subfield code="a">Machine generated contents note: Introduction -- George Baird -- "A Promise as Well as a Memory": Toward an Intellectual Biography ofJoseph Rykwert -- Dalibor Vesely -- The Architectonics of Embodiment -- John Onians -- Greek Temple and Greek Brain -- Mark Wilson Jones -- Doric Figuration -- Robert Tavernor -- Contemplating Perfection through Piero's Eyes -- Alina Payne -- Reclining Bodies: Figural Ornament in Renaissance Architecture -- Simon Pepper -- Body, Diagram, and Geometry in the Renaissance Fortress -- Harry Francis Mallgrave -- Dancing with Vitruvius: Corporeal Fantasies in Northern Classicism -- Vaughan Hart -- On Inigo Jones and the Stuart Legal Body: "Justice and Equity and Proportions Appertaining" -- Karsten Harries -- Sphere and Cross: Vitruvian Reflections on the Pantheon Type -- Alberto Perez-G6mez -- Charles-Etienne Briseux: The Musical Body and the Limits of Instrumentality in Architecture -- Richard Sennett -- The Foreigner -- Neil Leach -- Vitruvius Crucifixus: Architecture, Mimesis, and the Death Instinct -- Marcia F. Feuerstein -- Body and Building inside the Bauhaus's Darker Side: On Oskar Schlemmer -- George Dodds -- Desiring Landscapes/Landscapes of Desire: Scopic and Somatic in the Brion Sanctuary -- Marco Frascari -- A Tradition of Architectural Figures: A Search for Vita Beata -- David Leatherbarrow -- Sitting in the City, or The Body in the World -- William Braham and Paul Emmons -- Upright or Flexible? Exercising Posture in Modern Architecture -- Kenneth Frampton -- Corporeal Experience in the Architecture of Tadao Ando -- Epilogue -- Vittorio Gregotti (translated by George Dodds and Robert Tavernor) -- Joseph Rykwert: An Anthropologist of Architectural History?.</subfield>
  </datafield>
  <datafield tag="650" ind1="1" ind2="0">
    <subfield code="a">Architecture</subfield>
    <subfield code="x">Human factors.</subfield>
    <subfield code="9">5552</subfield>
  </datafield>
  <datafield tag="650" ind1="1" ind2="0">
    <subfield code="a">Buildings</subfield>
    <subfield code="x">architecture</subfield>
    <subfield code="9">5553</subfield>
  </datafield>
  <datafield tag="650" ind1="1" ind2="0">
    <subfield code="a">Architecture</subfield>
    <subfield code="x">Structures</subfield>
    <subfield code="9">5554</subfield>
  </datafield>
  <datafield tag="700" ind1="1" ind2=" ">
    <subfield code="a">Dodds, George,</subfield>
    <subfield code="d">1958-</subfield>
    <subfield code="9">5555</subfield>
  </datafield>
  <datafield tag="700" ind1="1" ind2=" ">
    <subfield code="a">Tavernor, Robert.</subfield>
    <subfield code="9">5556</subfield>
  </datafield>
  <datafield tag="700" ind1="1" ind2=" ">
    <subfield code="a">Rykwert, Joseph,</subfield>
    <subfield code="d">1926-</subfield>
    <subfield code="9">5557</subfield>
  </datafield>
  <datafield tag="856" ind1="4" ind2="1">
    <subfield code="3">Table of contents</subfield>
    <subfield code="u">http://www.loc.gov/catdir/toc/fy032/2001030604.html</subfield>
  </datafield>
  <datafield tag="942" ind1=" " ind2=" ">
    <subfield code="a">SADA</subfield>
    <subfield code="c">BK</subfield>
    <subfield code="k">720 BOD 2002</subfield>
    <subfield code="2">ddc</subfield>
  </datafield>
  <datafield tag="999" ind1=" " ind2=" ">
    <subfield code="c">353393</subfield>
    <subfield code="d">353393</subfield>
  </datafield>
  <datafield tag="952" ind1=" " ind2=" ">
    <subfield code="0">0</subfield>
    <subfield code="1">0</subfield>
    <subfield code="2">ddc</subfield>
    <subfield code="4">0</subfield>
    <subfield code="7">0</subfield>
    <subfield code="a">SADA</subfield>
    <subfield code="b">SADA</subfield>
    <subfield code="d">2011-07-18</subfield>
    <subfield code="l">8</subfield>
    <subfield code="m">7</subfield>
    <subfield code="o">720 BOD 2002</subfield>
    <subfield code="p">SADA0001542</subfield>
    <subfield code="r">2015-05-04</subfield>
    <subfield code="s">2014-09-11</subfield>
    <subfield code="w">2011-08-05</subfield>
    <subfield code="y">BK</subfield>
  </datafield>
</record>
